000 00420nam a2200181Ia 4500
005 20240722045037.0
008 240331s9999 xx 000 0 und d
020 _a0415180929
082 _a210
_bRUS
245 0 _aRussell on religion
260 _aLondon
_bRoutledge
_c1999
300 _avii, 261 p .,
650 _aScience
650 _aPhilosophy
650 _aReligion
700 _aGreenspan,L.
_eedt
942 _cL
999 _c816
_d816